[Event "Tula Rjazanov Memorial"]
[Site "Tula"]
[Date "2016.02.12"]
[Round "7"]
[White "Yashin, Aleksey A"]
[Black "Arkhipov, Vladimir P"]
[Result "1-0"]
[WhiteElo "1925"]
[BlackElo "1884"]
[PlyCount "55"]
[EventDate "2016.02.05"]
[EventType "swiss"]
[EventRounds "9"]
[EventCountry "RUS"]
[SourceTitle "CBM 171 Extra"]
[Source "ChessBase"]
[SourceDate "2016.04.26"]
[SourceVersion "1"]
[SourceVersionDate "2016.04.26"]
[SourceQuality "1"]

1. e4 c6 2. c4 d5 3. exd5 cxd5 4. cxd5 Nf6 5. Nc3 Nxd5 6. Qb3 e6 7. Bc4 Nb6 8. Bb5+ Bd7 9. Bxd7+ Qxd7 10. Nf3 Bd6 11. Qb5 Nc6 12. Qg5 0-0 13. 0-0 h6 14. Qg4 Rfe8 15. d3 Kf8 16. Bf4 Bxf4 17. Qxf4 Qxd3 18. Rad1 Qg6 19. a3 Red8 20. Rxd8+ Rxd8 21. Qc7 Rb8 22. Ne5 Qf6 23. Nxc6 Rc8 24. Qxb7 e5 25. Nxa7 Rc5 26. Ne4 Qe7 27. Qxe7+ Kxe7 28. Nxc5 1-0

[Event "Tula Rjazanov Memorial"]
[Site "Tula"]
[Date "2016.02.09"]
[Round "4"]
[White "Yashin, Aleksey A"]
[Black "Zobnin, Vyacheslav"]
[Result "0-1"]
[WhiteElo "1925"]
[BlackElo "1850"]
[PlyCount "74"]
[EventDate "2016.02.05"]
[EventType "swiss"]
[EventRounds "9"]
[EventCountry "RUS"]
[SourceTitle "CBM 171 Extra"]
[Source "ChessBase"]
[SourceDate "2016.04.26"]
[SourceVersion "1"]
[SourceVersionDate "2016.04.26"]
[SourceQuality "1"]

1. e4 e5 2. d4 exd4 3. Qxd4 Nc6 4. Qe3 d6 5. Nc3 Nf6 6. f3 Be7 7. Bd2 Be6 8. 0-0-0 a6 9. Nh3 Bxh3 10. gxh3 Qd7 11. Rg1 Rg8 12. Ne2 b5 13. a3 Ne5 14. Ng3 Qe6 15. Kb1 g6 16. Qc3 c5 17. Bg2 Nc4 18. Rge1 Nd7 19. f4 Ndb6 20. Bc1 a5 21. e5 d5 22. b3 b4 23. Qa1 Nxa3+ 24. Bxa3 bxa3 25. Qxa3 a4 26. Qa2 axb3 27. Qxb3 c4 28. Qb5+ Kf8 29. Bxd5 Nxd5 30. Rxd5 Kg7 31. Kc1 Rgb8 32. Qd7 Bb4 33. Qxe6 Ra1+ 34. Kb2 Bxe1+ 35. Kxa1 Bc3+ 36. Ka2 Ra8+ 37. Kb1 Ra1# 0-1

[Event "Tula Rjazanov Memorial"]
[Site "Tula"]
[Date "2016.02.06"]
[Round "1"]
[White "Yashin, Aleksey A"]
[Black "Pogosyan, Georgiy"]
[Result "0-1"]
[WhiteElo "1925"]
[BlackElo "2378"]
[PlyCount "106"]
[EventDate "2016.02.05"]
[EventType "swiss"]
[EventRounds "9"]
[EventCountry "RUS"]
[SourceTitle "CBM 171 Extra"]
[Source "ChessBase"]
[SourceDate "2016.04.26"]
[SourceVersion "1"]
[SourceVersionDate "2016.04.26"]
[SourceQuality "1"]

1. e4 c5 2. Nf3 Nc6 3. Bb5 g6 4. c3 d6 5. h3 Bd7 6. d3 Bg7 7. Be3 Nf6 8. Nbd2 0-0 9. 0-0 a6 10. Ba4 b5 11. Bc2 a5 12. Rb1 b4 13. c4 Ne8 14. Bg5 Nc7 15. Re1 Ne6 16. Bh4 Ned4 17. Nf1 Nxf3+ 18. Qxf3 Nd4 19. Qd1 Re8 20. Ne3 a4 21. b3 axb3 22. axb3 Ra2 23. f4 Qa8 24. Kh1 e6 25. Rc1 Qa3 26. e5 dxe5 27. fxe5 Bc6 28. Ng4 Qxc1 29. Qxc1 Rxc2 30. Qb1 Bxg2+ 31. Kh2 Bb7+ 32. Kg3 Nf5+ 33. Kf4 Nxh4 34. Qxc2 Ng2+ 35. Kg3 Nxe1 36. Qa2 Nxd3 37. Nf6+ Bxf6 38. exf6 Be4 39. Qa7 h6 40. Qd7 Rf8 41. Qd6 e5 42. Qe7 Bf5 43. Qc7 e4 44. Qe7 Ra8 45. Qb7 Re8 46. Qc6 Re6 47. Qc8+ Kh7 48. Qd8 e3 49. Qf8 Rxf6 50. Kf3 Nc1 51. Kxe3 Nxb3 52. Qd8 Kg7 53. Qd5 Bxh3 0-1